Economía mundial: un análisis entre dos siglos
Guardat en:
| Autor principal: | |
|---|---|
| Format: | Llibre |
| Idioma: | espanyol |
| Publicat: |
Madrid
McGraw-Hill
1995
|
| Matèries: | |
| Etiquetes: |
Afegir etiqueta
Sense etiquetes, Sigues el primer a etiquetar aquest registre!
|
MARC
| LEADER | 00000nam a2200000 a 4500 | ||
|---|---|---|---|
| 001 | UCZ6708 | ||
| 003 | CL-VaPUC | ||
| 008 | 951214e19950000SP |||||||||||||||||spa|d | ||
| 082 | 0 | 4 | |a 330.9 |b REQ |2 21 |
| 100 | 0 | |a Requeijo González, Jaime |e author |9 351172 | |
| 245 | 1 | 0 | |a Economía mundial: un análisis entre dos siglos |
| 300 | |a 379 p | ||
| 942 | |c BK | ||
| 945 | |d 19951214 00:00:00 |a rleighto | ||
| 260 | |a Madrid |b McGraw-Hill |c 1995 | ||
| 650 | 0 | |a Economía |9 255568 | |
| 650 | 7 | |a COMERCIO INTERNACIONAL |2 CL-VaPUC |9 351173 | |
| 650 | 7 | |a ECONOMIA CAMBIARIA |2 CL-VaPUC |9 351174 | |
| 650 | 0 | |a Recursos energéticos |9 263206 | |
| 650 | 0 | |a Desempleo |9 257579 | |
| 650 | 0 | |a Integración económica |9 255024 | |
| 583 | |a last modification |c 19951214 00:00:00 |k Rodrigo Vera | ||
| 999 | |c 242892 |d 242890 | ||
| 952 | |0 0 |1 0 |4 0 |6 330_900000000000000_REQ_1995 |7 0 |8 A |9 256207 |a BIBENE |b BIBENE |d 2019-11-19 |i 3161919 |o 330.9 REQ 1995 |p 3161919 |r 2025-01-15 |w 2019-11-19 |y BK |k ICO | ||